00528nam a2200169Ia 4500003000900000008004100009040003300050041000800083080001200091100002400103245005400127260004100181300001700222942000700239952009500246999001700341LK-CoDNM010623t1931 xxu||||| |||| 00| 1 eng d aLK-CoDNMdLK-CoDNMeLK-CoDNM aeng a50bD17 aNathaniel,Alfred.M. aCopious Notes on Cambridge Readings in Literature bW.M.A.Wahid BrothersaColomboc1931 b164p., 18 cm cBK 001041708MONOaMAINbMAINd2023-08-02l0o50 D 17pOB575 6r2023-08-02w2023-08-02yBK c95683d95683